[Event "WchT Schools 4th"]
[Site "Singapore"]
[Date "2008.07.27"]
[Round "6.4"]
[White "Anand Reddy, KS."]
[Black "Yu, Marco"]
[Result "1-0"]
[WhiteElo "2057"]
[BlackElo "1992"]
[PlyCount "61"]
[EventDate "2008.07.23"]
[EventType "team-swiss"]
[EventRounds "9"]
[EventCountry "SIN"]
[SourceTitle "EXT 2009"]
[Source "ChessBase"]
[SourceDate "2008.11.26"]
[SourceVersion "1"]
[SourceVersionDate "2008.11.26"]
[SourceQuality "1"]

1. Nf3 Nf6 2. g3 d5 3. Bg2 c6 4. d3 Bg4 5. Nbd2 Nbd7 6. 0-0 e5 7. e4 Bd6 8. Qe1 0-0 9. h3 Bh5 10. Kh1 Qc7 11. Nh4 Bg6 12. a4 a6 13. Nb3 Rfe8 14. a5 b6 15. axb6 Qxb6 16. Nxg6 hxg6 17. Qa5 Reb8 18. Qxb6 Rxb6 19. exd5 cxd5 20. g4 Rc8 21. g5 Nh5 22. Bxd5 Rxc2 23. Be3 Nc5 24. Na5 Rb5 25. Nc4 Nb3 26. Bxf7+ Kxf7 27. Nxd6+ Ke6 28. Rxa6 Rb8 29. Nc4+ Ke7 30. Nxe5 Rxb2 31. Nc6+ 1-0

[Event "Commonwealth-ch"]
[Site "New Delhi"]
[Date "2007.12.05"]
[Round "5"]
[White "Sharma, Dinesh Kumar"]
[Black "Anand Reddy, KS."]
[Result "1/2-1/2"]
[WhiteElo "2382"]
[BlackElo "2035"]
[PlyCount "27"]
[EventDate "2007.12.03"]
[EventType "swiss"]
[EventRounds "10"]
[EventCountry "IND"]
[SourceTitle "CBM 121 Extra"]
[Source "ChessBase"]
[SourceDate "2008.01.10"]
[SourceVersion "1"]
[SourceVersionDate "2008.01.10"]
[SourceQuality "1"]

1. e4 g6 2. d4 Bg7 3. Nc3 d6 4. Bg5 a6 5. Qd2 Nd7 6. f4 b5 7. Nf3 Bb7 8. a3 c5 9. d5 Ngf6 10. Bd3 0-0 11. 0-0 c4 12. Be2 Qb6+ 13. Kh1 Nc5 14. Bxf6 1/2-1/2